000 00211nam a2200097Ia 4500
008 240331s9999 xx 000 0 und d
082 _bRAJ
100 _aRajgowthaman,
245 0 _aPoy+apaththam unmai
942 _cL
999 _c1514
_d1514